Statistiche per Stati per numero di Madrelingua inglesi

Clicka qui per fare il quiz!

Statistiche generali

  • Questo quiz è stato fatto 6 volte
  • Il punteggio medio è 9 su 10

Statistiche sulle risposte

Numero di madrelinguaContinenteNazione% Corretto
17 020 241OceaniaAustralia
100%
20 193 335America del NordCanada
100%
4 112 100EuropaIrlanda
100%
3 673 623OceaniaNuova Zelanda
100%
59 072 000EuropaRegno Unito
100%
258 513 070America del NordStati Uniti
100%
4 930 510AfricaSudafrica
100%
37 157 240AfricaNigeria
83%
1 953 348AsiaSingapore
50%
4 781 168AfricaSudan
33%

Distribuzione punteggi

Percentile per numero di risposta

Percentuale di utenti per punteggio

I tuoi punteggi nel tempo

Non hai fatto questo quiz